Die 10 Länder mit den meisten Milliardären - Statistiken

Allgemein
  • Dieses Quiz wurde 703 mal gespielt
  • Das Durchschnittsergebnis liegt bei 8 aus 10
Antwortstatistiken
Milliardäre Land % Korrekt
535 Vereinigte Staaten von Amerika
99%
82 Deutschland
97%
568 China
96%
80 Russland
90%
51 Frankreich
89%
42 Japan
84%
111 Indien
80%
49 Brasilien
67%
66 Schweiz
62%
82 Großbritannien
42%
Keine übereinstimmenden Quizze gefunden
Verteilung der Resultate
Anzahl Personen mit jedem Resultat
Perzentil nach korrekt beantworteten Fragen
Ihre Resultats-Entwicklung
Sie haben dieses Quiz noch nicht gespielt